ACTIVITIES OF DAILY LIVING IN PERSON WITH MENTAL ILLNESS (Record no. 15092)

MARC details
000 -LEADER
fixed length control field 00293nam a22001217a 4500
003 - CONTROL NUMBER IDENTIFIER
control field SGT
082 ## - DEWEY DECIMAL CLASSIFICATION NUMBER
Classification number 616.89
Item number A15G
100 ## - MAIN ENTRY--PERSONAL NAME
Personal name GANDHI, SAILAXMI
245 ## - TITLE STATEMENT
Title ACTIVITIES OF DAILY LIVING IN PERSON WITH MENTAL ILLNESS
260 ## - PUBLICATION, DISTRIBUTION, ETC. (IMPRINT)
Place of publication, distribution, etc INDIA
Name of publisher, distributor, etc NIMHANS
Year of Publication 2015
300 ## - PAGE DESCRIPTION
No. of Pages 44
942 ## - ADDED ENTRY ELEMENTS (KOHA)
Source of classification or shelving scheme Dewey Decimal Classification
Koha item type Books
942 ## - ADDED ENTRY ELEMENTS (KOHA)
-- 1
Holdings
Withdrawn status Lost status Source of classification or shelving scheme Damaged status Not for loan Collection code Home library Current library Shelving location Date acquired Vendor Name Cost, normal purchase price SGTU Bill Number Total Checkouts Full call number Accession No. (Barcode) Date last seen Bill Date Koha item type Date last borrowed
    Dewey Decimal Classification     MEDICAL SGT Medical Library SGT Medical Library Text Book 05/02/2018 ABC 100.00 SGTU 9072   616.89 A15G FM10491 05/02/2018 06/12/2011 Books  
    Dewey Decimal Classification     MEDICAL SGT Medical Library SGT Medical Library Text Book 05/02/2018 ABC 100.00 SGTU 9072   616.89 A15G FM10492 05/02/2018 06/12/2011 Books  
    Dewey Decimal Classification     MEDICAL SGT Medical Library SGT Medical Library Text Book 05/02/2018 ABC 100.00 SGTU 9072   616.89 A15G FM10493 05/02/2018 06/12/2011 Books  
    Dewey Decimal Classification     MEDICAL SGT Medical Library SGT Medical Library Text Book 05/02/2018 ABC 100.00 SGTU 9072   616.89 A15G FM10494 05/02/2018 06/12/2011 Books  
    Dewey Decimal Classification     MEDICAL SGT Medical Library SGT Medical Library Text Book 05/02/2018 ABC 100.00 SGTU 9072 1 616.89 A15G FM10495 10/03/2023 06/12/2011 Books 01/03/2023